[Event "Kadetska liga fantje"]
[Site "Murska Sobota"]
[Date "2018.05.12"]
[Round "2"]
[White "Janko, Marko"]
[Black "Stevanic, David"]
[Result "0-1"]
[WhiteElo "1518"]
[BlackElo "2250"]
[PlyCount "80"]
[EventDate "2018.05.12"]

1. e4 e5 2. Nf3 Nc6 3. Bc4 Bc5 4. c3 Nf6 5. d3 O-O 6. Be3 Bb6 7. O-O d5 8. exd5
Nxd5 9. Bxb6 axb6 10. Nbd2 Bg4 11. h3 Bh5 12. Ne4 Nf4 13. Ng3 Bg6 14. d4 e4 15.
Nd2 Qg5 16. Qe1 Rae8 17. Qe3 h5 18. h4 Qxh4 19. Ngxe4 Bxe4 20. Nxe4 Rxe4 21.
Qf3 Qg4 22. Qxg4 hxg4 23. Rfe1 Rfe8 24. Rxe4 Rxe4 25. g3 Nh3+ 26. Kg2 Ng5 27.
b4 Nf3 28. a4 Re1 29. Rxe1 Nxe1+ 30. Kf1 Nf3 31. Ke2 Kf8 32. Bd5 Ke7 33. Bxc6
bxc6 34. a5 Kd7 35. Kd3 Kc8 36. a6 b5 37. c4 Kb8 38. cxb5 cxb5 39. Ke4 Ka7 40.
d5 Kxa6 0-1

[Event "Kadetska liga fantje"]
[Site "Murska Sobota"]
[Date "2018.05.12"]
[Round "2"]
[White "Acimovic, Sergej"]
[Black "Kobe, Matic"]
[Result "1-0"]
[WhiteElo "1831"]
[BlackElo "1317"]
[PlyCount "45"]
[EventDate "2018.05.12"]

1. d4 Nf6 2. c4 e6 3. Nc3 Bb4 4. e3 O-O 5. Nge2 d5 6. a3 Bxc3+ 7. Nxc3 b6 8.
Be2 c5 9. dxc5 bxc5 10. Bf3 Bb7 11. O-O Na6 12. Qc2 Rb8 13. cxd5 exd5 14. Rd1
Nc7 15. Na4 c4 16. e4 Nd7 17. Bf4 Bc6 18. exd5 Bxa4 19. Qxa4 Rxb2 20. Qxc4 Rb7
21. d6 Ne6 22. Bxb7 Nb6 23. Qe4 1-0

[Event "Kadetska liga fantje"]
[Site "Murska Sobota"]
[Date "2018.05.12"]
[Round "2"]
[White "Bevc Taranis, Tin"]
[Black "Jalovec, Igor"]
[Result "0-1"]
[WhiteElo "1063"]
[BlackElo "1221"]
[PlyCount "48"]
[EventDate "2018.05.12"]

1. e4 e5 2. Nf3 Nc6 3. Bc4 Nf6 4. Ng5 d5 5. exd5 Na5 6. Bb5+ c6 7. dxc6 bxc6 8.
Ba4 h6 9. Nf3 e4 10. Qe2 Be7 11. Ne5 Bd7 12. Nc3 Qc7 13. Nxd7 Nxd7 14. Nxe4 Nb6
15. b3 O-O 16. O-O Rfe8 17. Qg4 Qe5 18. d4 Qxd4 19. Bxh6 g6 20. Rad1 Qe5 21.
Rfe1 Bb4 22. Re2 Rad8 23. Rxd8 Qa1+ 24. Re1 Qxe1# 0-1

[Event "Kadetska liga fantje"]
[Site "Murska Sobota"]
[Date "2018.05.12"]
[Round "2"]
[White "Brilej, Jaka"]
[Black "Dajcman, Nikolaj"]
[Result "1-0"]
[WhiteElo "2098"]
[BlackElo "1497"]
[PlyCount "159"]
[EventDate "2018.05.12"]

1. e4 e6 2. d4 d5 3. Nc3 Nf6 4. e5 Nfd7 5. f4 c5 6. Nf3 Nc6 7. Be3 a6 8. Qd2 b5
9. dxc5 Bxc5 10. Bd3 Qb6 11. Bf2 Bb7 12. O-O Rc8 13. Ne2 Bxf2+ 14. Rxf2 Nc5 15.
Qe3 Na4 16. Qxb6 Nxb6 17. Ned4 Ke7 18. c3 Rc7 19. Rc2 Rhc8 20. Rac1 Nc4 21. Kf2
h6 22. g3 N6a5 23. h3 Bc6 24. Ne2 Nb7 25. b4 Be8 26. Nfd4 Nb6 27. g4 Nd8 28.
Ke3 Nc6 29. Nxc6+ Rxc6 30. Nd4 R6c7 31. Nb3 Na4 32. Kd2 Bd7 33. Nd4 f6 34. Nf3
Rf8 35. exf6+ gxf6 36. Re1 Rfc8 37. Rec1 Kd6 38. Nd4 e5 39. fxe5+ fxe5 40. Nf5+
Bxf5 41. Bxf5 Rb8 42. Re1 Rb6 43. Re3 Rbc6 44. Rg3 d4 45. cxd4 Rxc2+ 46. Bxc2
exd4 47. Rf3 Rc6 48. Bb3 Nb6 49. Rf6+ Kd7 50. Rf7+ Kd6 51. Kd3 Rc3+ 52. Kxd4
Rxh3 53. Rf6+ Kc7 54. Ke4 Nc4 55. Rxa6 Nd2+ 56. Kd5 Nxb3 57. axb3 Rxb3 58. Kc5
Rg3 59. Rg6 Re3 60. Rg7+ Kc8 61. Kxb5 Re5+ 62. Kc6 Re6+ 63. Kd5 Rb6 64. Kc5 Re6
65. b5 Re5+ 66. Kb6 h5 67. g5 h4 68. Ka6 Re2 69. Rg8+ Kd7 70. b6 Ra2+ 71. Kb7
h3 72. Rh8 h2 73. g6 Rg2 74. g7 Rxg7 75. Rxh2 Kd6+ 76. Ka8 Kc6 77. b7 Rxb7 78.
Rc2+ Kb6 79. Rb2+ Kc6 80. Rxb7 1-0

[Event "Kadetska liga fantje"]
[Site "Murska Sobota"]
[Date "2018.05.12"]
[Round "2"]
[White "Jeler, Lan"]
[Black "Nareks, Matic"]
[Result "0-1"]
[WhiteElo "1549"]
[BlackElo "1742"]
[PlyCount "80"]
[EventDate "2018.05.12"]

1. d4 Nf6 2. c4 g6 3. Nc3 Bg7 4. e4 d6 5. Nf3 c6 6. Be2 O-O 7. O-O Qc7 8. Re1
e5 9. h3 Re8 10. d5 c5 11. Be3 Nbd7 12. Qd2 Nf8 13. Bh6 Nh5 14. Bxg7 Kxg7 15.
Bd3 Qe7 16. a3 a5 17. b4 b6 18. Rab1 h6 19. Bc2 Qf6 20. Qe3 Nf4 21. Ne2 g5 22.
Nxf4 gxf4 23. Qe2 Nh7 24. Bd1 Rg8 25. Kh1 Kh8 26. Nh2 Qg6 27. f3 Nf6 28. Qf2
Nh5 29. Nf1 Ra7 30. Rb2 f6 31. bxc5 bxc5 32. Ba4 Rag7 33. Bb5 f5 34. Ba4 fxe4
35. fxe4 Nf6 36. Rbe2 Qh5 37. Qf3 Bg4 38. Qf2 Bxe2 39. Qxe2 Qxe2 40. Rxe2 f3
0-1

[Event "Kadetska liga fantje"]
[Site "Murska Sobota"]
[Date "2018.05.12"]
[Round "2"]
[White "Zvizej, Ziga"]
[Black "Bobnar, Samo"]
[Result "0-1"]
[WhiteElo "1674"]
[BlackElo "1304"]
[PlyCount "110"]
[EventDate "2018.05.12"]

1. d4 d5 2. c4 e6 3. Nf3 Nf6 4. Nc3 Nc6 5. Bf4 Bb4 6. a3 Bxc3+ 7. bxc3 b6 8. e3
Bb7 9. Rb1 O-O 10. c5 Qe7 11. cxb6 axb6 12. a4 Qa3 13. Qc2 Rfc8 14. Bb5 Ne4 15.
Qb3 Qxb3 16. Rxb3 Na5 17. Ra3 c6 18. Bd3 c5 19. Bxe4 dxe4 20. Ne5 f6 21. Nd7
Nc4 22. Ra2 Bc6 23. Nxb6 Nxb6 24. a5 cxd4 25. cxd4 Bd5 26. Ra1 Rxa5 27. Rb1 Ra2
28. O-O Nc4 29. Rfc1 Rca8 30. h4 h6 31. h5 Rc8 32. Rb5 Kh7 33. Bg3 Rca8 34. Rc5
Nb2 35. Rc7 Nd3 36. Rf1 R2a5 37. Bh4 Kg8 38. f3 exf3 39. gxf3 Ra1 40. e4 Rxf1+
41. Kxf1 Ra1+ 42. Ke2 Nf4+ 43. Kf2 Bb3 44. Rc3 Ba4 45. Rc5 Nd3+ 46. Ke3 Nxc5
47. dxc5 e5 48. f4 exf4+ 49. Kxf4 Rc1 50. Bf2 Kf7 51. e5 Rf1 52. Ke3 fxe5 53.
Bg3 Bc6 54. Bxe5 Re1+ 55. Kd4 Re4+ 0-1

[Event "Kadetska liga fantje"]
[Site "Murska Sobota"]
[Date "2018.05.12"]
[Round "2"]
[White "Zidar, Jernej"]
[Black "Siraj, Anej"]
[Result "0-1"]
[WhiteElo "1554"]
[BlackElo "1996"]
[PlyCount "56"]
[EventDate "2018.05.12"]

1. d4 Nf6 2. Nf3 d5 3. c4 e6 4. Nc3 Be7 5. Bg5 b6 6. e3 Bb7 7. Bd3 Nbd7 8. O-O
O-O 9. Qe2 Ne4 10. Bxe7 Qxe7 11. Bxe4 dxe4 12. Nd2 f5 13. Rfd1 c5 14. Rac1 Nf6
15. h3 Rad8 16. Nb3 cxd4 17. Nxd4 Nd7 18. a3 Ne5 19. b4 Rf6 20. Kh1 Nd3 21. Rb1
e5 22. Nb3 f4 23. Rf1 f3 24. Qc2 Rh6 25. Nd2 fxg2+ 26. Kxg2 Qg5+ 27. Kh2 Bc8
28. Ncxe4 Rxh3# 0-1

[Event "Kadetska liga fantje"]
[Site "Murska Sobota"]
[Date "2018.05.12"]
[Round "2"]
[White "Siraj, Vita"]
[Black "Perme, Martin"]
[Result "1-0"]
[WhiteElo "1520"]
[BlackElo "1197"]
[PlyCount "83"]
[EventDate "2018.05.12"]

1. d4 d5 2. Bf4 Nf6 3. Nf3 e6 4. e3 Nbd7 5. Bd3 g6 6. Nbd2 Bg7 7. O-O O-O 8.
Ne5 Nxe5 9. Bxe5 Bd7 10. g3 Rc8 11. Kg2 c5 12. Bd6 Re8 13. Bxc5 Rc6 14. Nf3 b6
15. Ba3 Qb8 16. Qe2 Rec8 17. Ne5 R6c7 18. Bd6 Ne8 19. Nxd7 Qb7 20. Bxc7 Rxc7
21. Ne5 f6 22. Nf3 g5 23. c3 Nd6 24. Qc2 h5 25. Bg6 Bf8 26. Bxh5 Rh7 27. Bg6
Rh6 28. Rh1 f5 29. Ne5 Bg7 30. h4 g4 31. h5 Bxe5 32. dxe5 d4+ 33. Kg1 Nc4 34.
cxd4 Na5 35. Rc1 Rh8 36. b4 b5 37. bxa5 Qf3 38. Qc8+ Kg7 39. Rc7+ Kh6 40. Qxh8+
Kg5 41. Qf6+ Kh6 42. Rh7# 1-0

[Event "Kadetska liga fantje"]
[Site "Murska Sobota"]
[Date "2018.05.12"]
[Round "2"]
[White "Cimperman, Teo"]
[Black "Siraj, Svit"]
[Result "1/2-1/2"]
[WhiteElo "1186"]
[BlackElo "1579"]
[PlyCount "107"]
[EventDate "2018.05.12"]

1. e4 c5 2. Nf3 d6 3. d4 cxd4 4. Nxd4 Nf6 5. Nc3 g6 6. Bc4 Bg7 7. Be3 O-O 8. h3
a6 9. a4 Bd7 10. Bb3 Nc6 11. O-O Rc8 12. Re1 Nb4 13. Qd2 Rc7 14. Bg5 Nc6 15.
Nf3 Na5 16. e5 Nxb3 17. cxb3 dxe5 18. Rxe5 Be6 19. Nd4 Qd7 20. Nxe6 Qxd2 21.
Bxd2 fxe6 22. Rxe6 Rd8 23. Re2 Nd5 24. Rc1 Bxc3 25. Bxc3 Rdc8 26. Rd1 Nxc3 27.
bxc3 b5 28. axb5 axb5 29. Rd5 Rb8 30. Ree5 Rcb7 31. Kf1 Kf7 32. Ke2 e6 33. Rd6
Rb6 34. Rd7+ Kf6 35. Rc5 b4 36. g4 h6 37. h4 g5 38. hxg5+ hxg5 39. Rd3 Ra8 40.
cxb4 Rxb4 41. f3 Ra2+ 42. Ke3 Rb2 43. Rc4 R4xb3 44. Rxb3 Rxb3+ 45. Ke4 Rb5 46.
Rd4 Re5+ 47. Kd3 Rd5 48. Ke4 Re5+ 49. Kd3 Rd5 50. Ke3 Ke5 51. Re4+ Kf6 52. f4
gxf4+ 53. Kxf4 e5+ 54. Kf3 1/2-1/2

[Event "Kadetska liga fantje"]
[Site "Murska Sobota"]
[Date "2018.05.12"]
[Round "2"]
[White "Meglic, Enej"]
[Black "Olenik Campa, Rudi"]
[Result "0-1"]
[WhiteElo "1691"]
[BlackElo "1585"]
[PlyCount "112"]
[EventDate "2018.05.12"]

1. e4 e6 2. d4 d5 3. Nc3 Nf6 4. e5 Nfd7 5. f4 c5 6. Nf3 Nc6 7. Be3 a6 8. Qd2 b5
9. a3 Qa5 10. Rd1 b4 11. axb4 Qxb4 12. b3 Qa5 13. Na4 Qxd2+ 14. Rxd2 cxd4 15.
Nxd4 Nxd4 16. Bxd4 Bb7 17. Be2 f6 18. O-O f5 19. g4 g6 20. gxf5 gxf5 21. Bh5+
Kd8 22. Rg2 Bc6 23. Nb6 Nxb6 24. Bxb6+ Kd7 25. Rd1 Bh6 26. Rd4 Bf8 27. c4 Rb8
28. c5 Rxb6 29. cxb6 Bc5 30. Rg7+ Kd8 31. Rc7 Bxd4+ 32. Kg2 Rg8+ 33. Kf3 Bd7
34. Ra7 Ke7 35. Rxa6 Rb8 36. b7 Rxb7 37. Ra3 Bc5 38. Ra5 Rxb3+ 39. Kg2 Bb6 40.
Ra8 d4 41. Rh8 Bc6+ 42. Kf1 Rb1+ 43. Ke2 Bb5+ 44. Kf3 d3 45. Rxh7+ Kd8 46. Rh8+
Kc7 47. Rh7+ Kc6 48. Be8+ Kc5 49. Bxb5 Kxb5 50. Rd7 Kc4 51. h4 Rh1 52. Kg3 Kc3
53. Rd6 d2 54. h5 Bd4 55. Rxe6 d1=Q 56. h6 Qg4# 0-1

[Event "Kadetska liga fantje"]
[Site "Murska Sobota"]
[Date "2018.05.12"]
[Round "2"]
[White "Hiti, Erik"]
[Black "Kocar, Jaka"]
[Result "0-1"]
[WhiteElo "1494"]
[BlackElo "1536"]
[PlyCount "102"]
[EventDate "2018.05.12"]

1. e4 e5 2. d4 exd4 3. c3 dxc3 4. Bc4 cxb2 5. Bxb2 Bb4+ 6. Nc3 Nf6 7. Qb3 Qe7
8. O-O-O Nc6 9. Nd5 Nxd5 10. Bxd5 O-O 11. f4 Nd8 12. Qg3 g6 13. f5 Bd6 14. e5
Bxe5 15. Bxe5 d6 16. Bb2 Bxf5 17. Qc3 Qe5 18. Qd2 Qe8 19. Qd4 Qe5 20. Qh4 Qe3+
21. Rd2 Qc5+ 22. Kd1 Bc2+ 23. Rxc2 Qxd5+ 24. Kc1 Nc6 25. Nf3 Ne5 26. Nxe5 dxe5
27. Rd1 Qe6 28. Re1 f6 29. g4 Qxa2 30. Bxe5 Qa3+ 31. Bb2 Qb4 32. Rd1 Qf4+ 33.
Kb1 Rfd8 34. Qe1 Qxg4 35. Rcd2 Qf5+ 36. Kc1 Rd6 37. Rxd6 cxd6 38. Rd2 Rc8+ 39.
Bc3 Rxc3+ 40. Kb2 Rc8 41. Rxd6 Qc2+ 42. Ka1 Qa4+ 43. Kb1 Qc2+ 44. Ka1 Qc1+ 45.
Qxc1 Rxc1+ 46. Kb2 Rc6 47. Rd8+ Kg7 48. Rd5 g5 49. Ka3 Kg6 50. Rd7 h5 51. Rxb7
Ra6+ 0-1

[Event "Kadetska liga fantje"]
[Site "Murska Sobota"]
[Date "2018.05.12"]
[Round "2"]
[White "Hanc, Nejc"]
[Black "Ustar, Jure"]
[Result "1-0"]
[WhiteElo "1460"]
[BlackElo "1782"]
[PlyCount "31"]
[EventDate "2018.05.12"]

1. c4 e5 2. Nc3 d6 3. g3 Be6 4. b3 Nd7 5. Bg2 Qc8 6. e3 Nc5 7. d4 exd4 8. exd4
Nd7 9. Nge2 Nb6 10. O-O Nf6 11. Re1 Be7 12. Nf4 Bf5 13. a4 a5 14. Ba3 Nfd7 15.
Ncd5 g5 16. Nxe7 1-0

[Event "Kadetska liga fantje"]
[Site "Murska Sobota"]
[Date "2018.05.12"]
[Round "2"]
[White "Cervek Roskari, Erik"]
[Black "Lencek Kranjec, Dani"]
[Result "1-0"]
[WhiteElo "1224"]
[BlackElo "1241"]
[PlyCount "49"]
[EventDate "2018.05.12"]

1. e4 c5 2. Nf3 d6 3. d4 cxd4 4. Nxd4 Nf6 5. Nc3 a6 6. f4 e6 7. Qf3 Be7 8. Be3
Qc7 9. Bd3 O-O 10. g4 Nc6 11. a3 b5 12. Nxc6 Qxc6 13. O-O Bb7 14. g5 Ne8 15.
Be2 Rd8 16. Rad1 d5 17. exd5 exd5 18. Rd3 Nc7 19. f5 Bc5 20. Bd4 Rfe8 21. f6 g6
22. Qh3 Kh8 23. Qh6 Rg8 24. Qxh7+ Kxh7 25. Rh3# 1-0

[Event "Kadetska liga fantje"]
[Site "Murska Sobota"]
[Date "2018.05.12"]
[Round "2"]
[White "Lencek Kranjec, Jozi"]
[Black "Varga, Tomaz"]
[Result "1/2-1/2"]
[WhiteElo "1224"]
[BlackElo "1111"]
[PlyCount "82"]
[EventDate "2018.05.12"]

1. e4 e5 2. Nf3 Nc6 3. Bb5 a6 4. Ba4 Nf6 5. d3 Bc5 6. c3 d6 7. h3 O-O 8. O-O
Ne7 9. Bc2 Ng6 10. Re1 Nh5 11. d4 exd4 12. cxd4 Bb6 13. Nbd2 Nhf4 14. Kh2 Nh4
15. Nxh4 Qxh4 16. Nf3 Qh6 17. Bxf4 Qxf4+ 18. Kg1 f5 19. e5 dxe5 20. dxe5 Be6
21. Bb3 Bf7 22. Bxf7+ Rxf7 23. e6 Re7 24. Qd5 c6 25. Qb3 Ba7 26. Rad1 Rae8 27.
Rd7 Qg3 28. Re2 Qb8 29. Ng5 h6 30. Nf7 Kh7 31. Qc4 b5 32. Qxc6 Qb6 33. Qxb6
Bxb6 34. Rxe7 Rxe7 35. g4 fxg4 36. hxg4 Bc7 37. Kg2 g5 38. Kf3 Kg6 39. Re4 Bf4
40. b3 h5 41. gxh5+ Kxh5 1/2-1/2

[Event "Kadetska liga fantje"]
[Site "Murska Sobota"]
[Date "2018.05.12"]
[Round "2"]
[White "Curic, Enej"]
[Black "Kovac, Mak"]
[Result "1-0"]
[WhiteElo "1101"]
[BlackElo "1190"]
[PlyCount "100"]
[EventDate "2018.05.12"]

1. e4 c5 2. d4 cxd4 3. c3 dxc3 4. Nxc3 e5 5. Bc4 Nf6 6. Nf3 Qc7 7. Qb3 d6 8.
Ng5 d5 9. Nxd5 Nxd5 10. Bxd5 f6 11. Bf7+ Ke7 12. Ne6 Qd6 13. Nxf8 Rxf8 14. Bd2
Nc6 15. Bc4 Rd8 16. O-O-O Qc7 17. Bb4+ Nxb4 18. Qxb4+ Ke8 19. Rxd8+ Qxd8 20.
Bb5+ Bd7 21. Rd1 Rc8+ 22. Kb1 Rc7 23. Qb3 Ke7 24. Qb4+ Ke8 25. Qd6 Qe7 26. Qxc7
Bxb5 27. Qxe7+ Kxe7 28. g3 Be2 29. Re1 Bd3+ 30. Kc1 Bc4 31. a3 Kd6 32. f4 b5
33. b4 a6 34. f5 Ke7 35. Kd2 h6 36. Ke3 Bb3 37. Rc1 Bc4 38. Rd1 Bb3 39. Rd2 Bc4
40. Rc2 Kd7 41. Rd2+ Ke7 42. h4 Bb3 43. Kd3 Bc4+ 44. Kc3 Bf1 45. g4 Bc4 46. Rf2
Bf7 47. Kb2 Bc4 48. a4 Kd6 49. axb5 Bxb5 50. Rd2+ Kc7 {...} 1-0

[Event "Kadetska liga fantje"]
[Site "Murska Sobota"]
[Date "2018.05.12"]
[Round "2"]
[White "Jersic, Aleks"]
[Black "Menciger-Kocbe, Nino"]
[Result "1/2-1/2"]
[WhiteElo "1685"]
[BlackElo "1323"]
[PlyCount "40"]
[EventDate "2018.05.12"]

1. e4 e5 2. Nf3 Nc6 3. Bc4 Bc5 4. b4 Bxb4 5. c3 Ba5 6. d4 exd4 7. O-O Nge7 8.
cxd4 d5 9. exd5 Nxd5 10. Qb3 Be6 11. Qxb7 Ndb4 12. Bxe6 Rb8 13. Bxf7+ Kxf7 14.
Ne5+ Nxe5 15. Qe4 Ng6 16. Qf5+ Qf6 17. Qd7+ Qe7 18. Qf5+ Qf6 19. Qd7+ Qe7 20.
Qf5+ Qf6 1/2-1/2

[Event "Kadetska liga fantje"]
[Site "Murska Sobota"]
[Date "2018.05.12"]
[Round "2"]
[White "Javornik, Nik"]
[Black "Lavrencic, Matic"]
[Result "1/2-1/2"]
[WhiteElo "1355"]
[BlackElo "1143"]
[PlyCount "110"]
[EventDate "2018.05.12"]

1. e4 c5 2. Nf3 e6 3. c3 Nf6 4. d3 Nc6 5. Be2 d5 6. e5 Nd7 7. d4 cxd4 8. cxd4
Bb4+ 9. Bd2 Qb6 10. Bxb4 Qxb4+ 11. Qd2 Qxd2+ 12. Kxd2 Nb6 13. Na3 a6 14. Rac1
Bd7 15. Nc2 Na5 16. Ne3 O-O 17. Ne1 Rac8 18. Nf3 Ba4 19. b3 Rxc1 20. Kxc1 Rc8+
21. Kb2 Bb5 22. Bxb5 axb5 23. Rc1 Rxc1 24. Kxc1 Nc6 25. Kd2 h6 26. Nc2 g5 27.
h3 Kg7 28. Nfe1 Nd7 29. g3 Ndb8 30. Kc3 Na6 31. Nd3 Kg6 32. Ncb4 Kf5 33. f3 h5
34. g4+ Kg6 35. Nxa6 bxa6 36. Nb4 Nb8 37. Nd3 Nc6 38. b4 hxg4 39. hxg4 f6 40.
exf6 Kxf6 41. Nc5 Nb8 42. Kd3 Ke7 43. Ke3 Kf6 44. f4 gxf4+ 45. Kxf4 Nc6 46. g5+
Kg6 47. Nxe6 Nxb4 48. a3 Nc6 49. Nc7 Nxd4 50. Nxd5 Ne6+ 51. Ke5 Nxg5 52. Nc7
Nf3+ 53. Kd5 Nd2 54. Nxa6 Nb1 55. Nc7 Nxa3 1/2-1/2

[Event "Kadetska liga fantje"]
[Site "Murska Sobota"]
[Date "2018.05.12"]
[Round "2"]
[White "Guid, Taja"]
[Black "Centrih, Aleks"]
[Result "1/2-1/2"]
[WhiteElo "1160"]
[BlackElo "1292"]
[PlyCount "104"]
[EventDate "2018.05.12"]

1. c4 e5 2. g3 g6 3. Nc3 Nf6 4. Bg2 Bg7 5. d3 O-O 6. Nf3 d6 7. h3 Nc6 8. O-O
Ne7 9. Rb1 Nd7 10. Qc2 f5 11. b4 Rb8 12. a4 c5 13. b5 b6 14. Bb2 Bb7 15. e4 h6
16. Rbd1 f4 17. h4 Rf7 18. Bh3 Bc8 19. Be6 Qf8 20. Bxf7+ Qxf7 21. Nh2 Nf8 22.
Bc1 Bh3 23. Rfe1 Ne6 24. Ne2 g5 25. g4 f3 26. Nc3 Ng6 27. Re3 Bg2 28. Rd2 Ngf4
29. Rxf3 Bxf3 30. Nxf3 Ne2+ 31. Nxe2 Qxf3 32. Qd1 Qxg4+ 33. Ng3 Qxd1+ 34. Rxd1
gxh4 35. Nf5 Nd4 36. Nxh4 Ne2+ 37. Kg2 Nxc1 38. Rxc1 Kh7 39. Nf5 Rg8 40. Kf3
Rf8 41. Ke2 Rf6 42. Rg1 Bf8 43. Kd2 Rg6 44. Ng3 Rf6 45. Ke3 Rg6 46. Rh1 Rf6 47.
Rh5 Kg6 48. Rh1 Kh7 49. Nf5 Kg6 50. Rg1+ Kh7 51. Rh1 Kg6 52. Rg1+ Kh7 {....}
1/2-1/2

[Event "Kadetska liga fantje"]
[Site "Murska Sobota"]
[Date "2018.05.12"]
[Round "2"]
[White "Vaupot, Luka"]
[Black "Podvrsnik, Luka"]
[Result "1-0"]
[WhiteElo "1591"]
[BlackElo "1799"]
[PlyCount "77"]
[EventDate "2018.05.12"]

1. d4 Nf6 2. c4 g6 3. Nf3 Bg7 4. Nc3 O-O 5. g3 c6 6. e4 d5 7. cxd5 cxd5 8. e5
Ne8 9. Bg2 b6 10. O-O e6 11. b3 Nc7 12. Ba3 Re8 13. Rc1 Ba6 14. Re1 Nb5 15.
Nxb5 Bxb5 16. Bd6 Bf8 17. Bxf8 Rxf8 18. Qd2 Kg7 19. Rc3 Na6 20. Rec1 Qe7 21. a4
Bd7 22. Bf1 Bc8 23. h4 h6 24. Nh2 h5 25. Nf3 Bb7 26. Bxa6 Bxa6 27. Rc7 Qa3 28.
Ng5 Rac8 29. Nxe6+ Kh7 30. Nxf8+ Qxf8 31. Qf4 Rxc7 32. Rxc7 Kg8 33. Qf6 Bc8 34.
Qe7 Be6 35. Qxf8+ Kxf8 36. Rxa7 b5 37. axb5 Ke8 38. b6 Kd8 39. Ra8+ 1-0

[Event "Kadetska liga fantje"]
[Site "Murska Sobota"]
[Date "2018.05.12"]
[Round "2"]
[White "Lugaric Kotnik, Liam"]
[Black "Strazisnik, Enej"]
[Result "1/2-1/2"]
[WhiteElo "1086"]
[BlackElo "1159"]
[PlyCount "78"]
[EventDate "2018.05.12"]

1. e4 e5 2. Nf3 Nc6 3. d4 exd4 4. Nxd4 Nf6 5. Nxc6 bxc6 6. Bd3 d5 7. Qe2 Be7 8.
h3 dxe4 9. Bxe4 Nxe4 10. Qxe4 Bb7 11. O-O O-O 12. Re1 Re8 13. Bd2 Qd7 14. Qf3
Bf6 15. Rxe8+ Rxe8 16. Bc3 Bxc3 17. Nxc3 Qd2 18. Qd1 Qd8 19. Qxd8 Rxd8 20. Re1
Kf8 21. Rd1 Rxd1+ 22. Nxd1 Ke7 23. f3 g6 24. Kf2 Kd6 25. Ke3 Ke5 26. f4+ Kd6
27. g4 Bc8 28. Nf2 f5 29. g5 Be6 30. b3 c5 31. c4 c6 32. Nd3 Bf7 33. a4 a5 34.
h4 Be6 35. Ne5 Bg8 36. Kf3 Be6 37. Kg3 Bd7 38. h5 Be8 39. Kh4 Ke7 1/2-1/2

[Event "Kadetska liga fantje"]
[Site "Murska Sobota"]
[Date "2018.05.12"]
[Round "2"]
[White "Vaupot, Kajetan"]
[Black "Veber, Kolja Tito"]
[Result "0-1"]
[WhiteElo "1555"]
[BlackElo "1861"]
[PlyCount "74"]
[EventDate "2018.05.12"]

1. e4 c5 2. Nf3 d6 3. Bb5+ Nd7 4. d3 a6 5. Ba4 Ngf6 6. Nc3 b5 7. Bb3 Bb7 8. a3
e6 9. Bg5 Be7 10. O-O O-O 11. d4 c4 12. Ba2 Nxe4 13. Bxe7 Qxe7 14. a4 Nxc3 15.
bxc3 d5 16. axb5 axb5 17. Re1 Nb6 18. Qc1 Qa3 19. Qb1 Bc6 20. Bxc4 Qxa1 21.
Qxa1 Rxa1 22. Rxa1 Nxc4 23. Ra6 Ra8 24. Rxa8+ Bxa8 25. Kf1 Kf8 26. Ke2 Ke7 27.
Ng5 h6 28. Nh3 g5 29. Kf3 f5 30. g4 Kf6 31. gxf5 Kxf5 32. Kg3 Na3 33. f4 Nxc2
34. fxg5 hxg5 35. Nxg5 Kxg5 36. h4+ Kg6 37. Kg4 Ne3+ 0-1

[Event "Kadetska liga fantje"]
[Site "Murska Sobota"]
[Date "2018.05.12"]
[Round "2"]
[White "Marovt, Nejc"]
[Black "Muha, Magdalena"]
[Result "1-0"]
[WhiteElo "1364"]
[BlackElo "1621"]
[PlyCount "107"]
[EventDate "2018.05.12"]

1. e4 e6 2. Nc3 d5 3. exd5 exd5 4. d4 c6 5. g3 Bd6 6. Bg2 Bf5 7. Nge2 Nd7 8.
O-O Qc7 9. Nf4 O-O-O 10. Be3 g5 11. Nd3 f6 12. Na4 h5 13. Nac5 h4 14. Qf3 Nh6
15. Qd1 hxg3 16. fxg3 Bg4 17. Qd2 Nf5 18. Ne6 Qb8 19. Nxd8 Kxd8 20. Bxg5 Kc8
21. Bf4 Nxd4 22. Rae1 f5 23. c3 Nb5 24. a4 Bxf4 25. Qxf4 Qxf4 26. Rxf4 Nd6 27.
Ne5 Re8 28. Nd3 Ne4 29. Nf2 Ndf6 30. Nxg4 Nxg4 31. Rxf5 Ngf6 32. Bxe4 Nxe4 33.
Kg2 a6 34. h4 Rg8 35. Re3 Nd6 36. Rg5 Rh8 37. b3 Ne4 38. Rxe4 dxe4 39. Re5 Kd7
40. Rxe4 Kd6 41. Kf3 b5 42. axb5 axb5 43. Kg2 c5 44. Kh3 Kd5 45. Re3 c4 46. b4
Kc6 47. g4 Rd8 48. Kg3 Rd1 49. h5 Rg1+ 50. Kf4 Kd5 51. h6 Rh1 52. Kg5 Kd6 53.
Kg6 Rh4 54. g5 1-0

[Event "Kadetska liga fantje"]
[Site "Murska Sobota"]
[Date "2018.05.12"]
[Round "2"]
[White "Pivec, Zak"]
[Black "Glas, Bruno"]
[Result "0-1"]
[WhiteElo "1706"]
[BlackElo "1165"]
[PlyCount "70"]
[EventDate "2018.05.12"]

1. e4 d5 2. Nc3 d4 3. Nce2 c5 4. d3 Nc6 5. c3 e5 6. h3 Nf6 7. Bg5 h6 8. Bh4 Be7
9. Nf3 Qb6 10. Rb1 Qa5 11. a3 Be6 12. b4 Qxa3 13. b5 Na5 14. Nxe5 dxc3 15. Qc2
Ba2 16. Ra1 Qb2 17. Rxa2 Qb4 18. Nxc3 Nxe4 19. dxe4 Bxh4 20. Nd3 Qb3 21. Qxb3
Nxb3 22. Be2 O-O 23. O-O Bf6 24. Rb1 c4 25. Bf3 Bxc3 26. Nc1 Nd2 27. Rc2 Nxb1
28. Ne2 Bf6 29. Rxc4 Nd2 30. Rc2 Nxf3+ 31. gxf3 Rac8 32. Rd2 Rc5 33. Ra2 Ra8
34. b6 a6 35. Rb2 Bxb2 0-1

[Event "Kadetska liga fantje"]
[Site "Murska Sobota"]
[Date "2018.05.12"]
[Round "2"]
[White "Stern, Urban"]
[Black "Hazdovac, Jaka"]
[Result "1-0"]
[WhiteElo "1664"]
[BlackElo "1642"]
[PlyCount "81"]
[EventDate "2018.05.12"]

1. c4 e6 2. g3 c5 3. Bg2 Nc6 4. Nc3 b6 5. Nf3 Bb7 6. O-O Nf6 7. e3 Be7 8. a3
O-O 9. d4 d6 10. b3 a5 11. Bb2 Qc7 12. Qc2 Rfd8 13. d5 exd5 14. cxd5 Nb8 15.
Rfd1 Na6 16. Rac1 Rac8 17. Ne1 Qd7 18. Qe2 Nc7 19. e4 Ba6 20. Qc2 b5 21. f4 Ng4
22. Qd2 Bf6 23. Nf3 Re8 24. h3 Nh6 25. Re1 Qe7 26. e5 dxe5 27. fxe5 Bxe5 28.
Nxe5 Qd6 29. Ne4 Qb6 30. d6 c4+ 31. Kh2 Rcd8 32. Nc6 Qxc6 33. Nf6+ Kf8 34. Bxc6
Re6 35. Nd7+ Kg8 36. Qg5 f6 37. Nxf6+ Kf7 38. Nh5 Rg8 39. Rf1+ Rf6 40. Rxf6+
gxf6 41. Qxf6# 1-0

[Event "Kadetska liga fantje"]
[Site "Murska Sobota"]
[Date "2018.05.12"]
[Round "2"]
[White "Ferfole, Ziga"]
[Black "Polencic, Ziga"]
[Result "0-1"]
[WhiteElo "1615"]
[BlackElo "1500"]
[PlyCount "23"]
[EventDate "2018.05.12"]

1. e4 e5 2. Nf3 f6 3. Bc4 Bc5 4. O-O Nh6 5. Nc3 Kf8 6. d4 Qe7 7. dxc5 Qxc5 8.
Bxh6 gxh6 9. b3 Nc6 10. Nd5 b6 11. Nxf6 Ke7 12. Nd5+ 0-1

[Event "Kadetska liga fantje"]
[Site "Murska Sobota"]
[Date "2018.05.12"]
[Round "2"]
[White "Polencic, Urban"]
[Black "Anzelj, Tim"]
[Result "0-1"]
[WhiteElo "1500"]
[BlackElo "1532"]
[PlyCount "48"]
[EventDate "2018.05.12"]

1. d4 d5 2. g3 Nc6 3. Nf3 e5 4. Nfd2 exd4 5. Bg2 Be6 6. b3 Nf6 7. Bh3 Bxh3 8.
Rg1 Ne4 9. Nxe4 dxe4 10. c3 Bd6 11. cxd4 Bb4+ 12. Bd2 Qxd4 13. Nc3 Bxc3 14. Rc1
Bb2 15. Rc2 Ba3 16. Be3 Qxd1+ 17. Kxd1 Rd8+ 18. Bd2 Bb4 19. Rc4 O-O 20. Rc3
Bxc3 21. f3 exf3 22. Ke1 Rxd2 23. Kf2 Re8 24. Rd1 Bd4+ 0-1

[Event "Kadetska liga fantje"]
[Site "Murska Sobota"]
[Date "2018.05.12"]
[Round "2"]
[White "Skantar, Nejc"]
[Black "Pecnik, Maj"]
[Result "0-1"]
[WhiteElo "1500"]
[BlackElo "1329"]
[PlyCount "98"]
[EventDate "2018.05.12"]

1. e4 c5 2. Nf3 d6 3. Bb5+ Bd7 4. Bc4 Nf6 5. Nc3 e6 6. d3 Be7 7. O-O a6 8. Be3
O-O 9. d4 cxd4 10. Bxd4 Qc7 11. Qd3 b5 12. Bb3 Nc6 13. a3 Rac8 14. Rfe1 Nxd4
15. Nxd4 Rfd8 16. Nf3 Bc6 17. Ng5 Nd7 18. Nf3 Nc5 19. Qd2 Nxb3 20. cxb3 Bf6 21.
Qc2 Bb7 22. a4 Bxc3 23. bxc3 Qxc3 24. Qxc3 Rxc3 25. Rab1 h6 26. h3 Rdc8 27.
axb5 axb5 28. b4 R3c4 29. Nd2 Rd4 30. Re2 Rc2 31. Rd1 Rxb4 32. Rde1 Rd4 33. Nf3
Rxe2 34. Rxe2 Rxe4 35. Rd2 Bd5 36. Ra2 Bxa2 37. Nd2 Re1+ 38. Kh2 b4 39. Nf3 Rd1
40. g4 b3 41. g5 b2 42. gxh6 gxh6 43. h4 b1=Q 44. h5 Qe4 45. Kg2 Qg4+ 46. Kh2
Qxh5+ 47. Kg2 Rh1 48. Kg3 Bd5 49. Nd2 Qg5# 0-1

[Event "Kadetska liga fantje"]
[Site "Murska Sobota"]
[Date "2018.05.12"]
[Round "2"]
[White "Kastelic, Amadej"]
[Black "Zerovec, Adam"]
[Result "1-0"]
[WhiteElo "1154"]
[BlackElo "1648"]
[PlyCount "69"]
[EventDate "2018.05.12"]

1. e4 e5 2. Nf3 Nc6 3. Bb5 Bc5 4. O-O Nf6 5. c3 O-O 6. Re1 a6 7. Ba4 b5 8. Bb3
d6 9. h3 Qe7 10. d4 Bb6 11. Bg5 Be6 12. d5 Bd7 13. dxc6 Bxc6 14. c4 bxc4 15.
Bxc4 Ba5 16. Re2 Qd7 17. Bxf6 gxf6 18. Na3 f5 19. exf5 Qxf5 20. Bd3 Qf4 21. Nh2
Qg5 22. Be4 Bxe4 23. Rxe4 Qf5 24. Ng4 Rab8 25. Nh6+ Kg7 26. Nxf5+ Kf6 27. Ra4
Bb6 28. Ne3 Bd4 29. Rxd4 exd4 30. Qxd4+ Kg6 31. Qg4+ Kf6 32. Qf5+ Ke7 33. Nd5+
Kd8 34. Nf6 Rxb2 35. Qd7# 1-0